<?xml version="1.0" encoding="UTF-8"?>
<record
    xmlns:xsi="http://www.w3.org/2001/XMLSchema-instance"
    xsi:schemaLocation="http://www.loc.gov/MARC21/slim http://www.loc.gov/standards/marcxml/schema/MARC21slim.xsd"
    xmlns="http://www.loc.gov/MARC21/slim">

  <leader>     nam a22     7a 4500</leader>
  <datafield tag="999" ind1=" " ind2=" ">
    <subfield code="c">336461</subfield>
    <subfield code="d">336461</subfield>
  </datafield>
  <controlfield tag="003">IT-MiCISF</controlfield>
  <controlfield tag="005">20170228171917.0</controlfield>
  <controlfield tag="008">170228b        xxu||||| |||| 00| 0 eng d</controlfield>
  <datafield tag="040" ind1=" " ind2=" ">
    <subfield code="c">IT-MiCISF</subfield>
  </datafield>
  <datafield tag="041" ind1=" " ind2=" ">
    <subfield code="a">it</subfield>
  </datafield>
  <datafield tag="100" ind1=" " ind2=" ">
    <subfield code="a">Pati Luigi</subfield>
    <subfield code="9">56218</subfield>
  </datafield>
  <datafield tag="245" ind1=" " ind2=" ">
    <subfield code="a">Livelli di crescita</subfield>
    <subfield code="b">Per una pedagogia dello sviluppo umano</subfield>
  </datafield>
  <datafield tag="260" ind1=" " ind2=" ">
    <subfield code="a">Brescia</subfield>
    <subfield code="b">La Scuola </subfield>
    <subfield code="c">2016</subfield>
  </datafield>
  <datafield tag="300" ind1=" " ind2=" ">
    <subfield code="a">pp. 190</subfield>
  </datafield>
  <datafield tag="500" ind1=" " ind2=" ">
    <subfield code="a">educazione, crescita-bambini, educazione-familiare, spiritualit&#xE0;, morte, preadolescenza, adolescenza, conflitto</subfield>
  </datafield>
  <datafield tag="501" ind1=" " ind2=" ">
    <subfield code="a">La differenziazione - vera e propria legge pedagogica dello sviluppo personale - &#xE8; resa possibile dall'instaurarsi tra educatore ed educando di un rapporto di comunicazione animato e orientato dal reciproco riconoscimento della propria alterit&#xE0;. Ogni livello di crescita si presenta con tratti peculiari, che esigono di essere rilevati, coltivati e portati a compimento. Questo volume si sofferma sulle prime et&#xE0; della vita e sulla necessit&#xE0; pedagogica di un approfondimento concettuale e operativo della nozione di compito educativo: la richiesta di perfezionamento personale rivolta al soggetto in via di accrescimento, sulla base dell'approfondita valutazione del periodo evolutivo che sta attraversando, dei suoi specifici tratti temperamentali, delle sue capacit&#xE0; d'azione.</subfield>
  </datafield>
  <datafield tag="650" ind1=" " ind2=" ">
    <subfield code="a">et&#xE0;-evolutiva</subfield>
    <subfield code="9">56123</subfield>
  </datafield>
  <datafield tag="654" ind1=" " ind2=" ">
    <subfield code="a">saggio</subfield>
  </datafield>
  <datafield tag="942" ind1=" " ind2=" ">
    <subfield code="2">ddc</subfield>
    <subfield code="c">BK</subfield>
  </datafield>
  <datafield tag="952" ind1=" " ind2=" ">
    <subfield code="0">0</subfield>
    <subfield code="1">0</subfield>
    <subfield code="2">ddc</subfield>
    <subfield code="4">0</subfield>
    <subfield code="6">B_7309_000000000000000</subfield>
    <subfield code="7">1</subfield>
    <subfield code="a">CISF</subfield>
    <subfield code="b">CISF</subfield>
    <subfield code="d">2017-02-28</subfield>
    <subfield code="l">0</subfield>
    <subfield code="o">b7309</subfield>
    <subfield code="p">9788835045892</subfield>
    <subfield code="r">2017-02-28 00:00:00</subfield>
    <subfield code="w">2017-02-28</subfield>
    <subfield code="y">BK</subfield>
  </datafield>
</record>
